| Tag |
First Indicator |
Second Indicator |
Subfields |
| LEADER |
00000pam a2200000 a 4500 |
| 001 |
in00000074114 |
| 005 |
20151008060202.0 |
| 008 |
810527s1982 nyu b 00110 eng |
| 010 |
|
|
|a 81009619
|
| 020 |
|
|
|a 019503015X :
|c $19.95
|
| 035 |
|
|
|a (OCoLC)07577506
|
| 035 |
|
|
|9 AAJ5278AM
|
| 039 |
0 |
|
|a 2
|b 3
|c 3
|d 3
|e 3
|
| 040 |
|
|
|a DLC
|c DLC
|d TXA
|d UtOrBLW
|
| 043 |
|
|
|a n-us---
|
| 049 |
|
|
|a TXAM
|c [387879]
|
| 050 |
0 |
0 |
|a E310
|b .M44
|
| 082 |
0 |
|
|a 324.973
|2 19
|
| 100 |
1 |
|
|a McCormick, Richard Patrick,
|d 1916-2006.
|
| 245 |
1 |
4 |
|a The presidential game :
|b the origins of American presidential politics /
|c Richard P. McCormick.
|
| 264 |
|
1 |
|a New York :
|b Oxford University Press,
|c 1982.
|
| 300 |
|
|
|a 279 pages ;
|c 22 cm.
|
| 336 |
|
|
|a text
|b txt
|2 rdacontent
|
| 337 |
|
|
|a unmediated
|b n
|2 rdamedia
|
| 338 |
|
|
|a volume
|b nc
|2 rdacarrier
|
| 504 |
|
|
|a Includes bibliographical references and index.
|
| 650 |
|
0 |
|a Presidents
|z United States
|x Election
|x History.
|
| 651 |
|
0 |
|a United States
|x Politics and government
|y 1783-1865.
|
| 999 |
|
|
|a MARS
|
| 999 |
f |
f |
|s b02c323e-398b-309f-8ea3-d423c0c12204
|i ec493165-aacd-3042-b8e5-6ec3740f2661
|t 0
|
| 952 |
f |
f |
|p ric
|a Texas A&M University
|b Rellis Campus
|c Joint Library Facility
|d Remote Storage
|t 0
|e E310 .M44
|h Library of Congress classification
|i unmediated -- volume
|m A14806106908
|
| 998 |
f |
f |
|a E310 .M44
|t 0
|l Remote Storage
|